Österreich nach Buchstabe - S - Statistiken

Allgemein
  • Dieses Quiz wurde 61 mal gespielt
  • Das Durchschnittsergebnis liegt bei 15 aus 20
Antwortstatistiken
Hinweis Antwort % Korrekt
Torte und Hotel Sacher
100%
Mozartstadt und ein Bundesland Salzburg
100%
Ehemalige Währung Schilling
98%
Ein Nationalgericht (als Wiener oder Jäger-) Schnitzel
96%
Bundesland, Grünes Herz Österreichs Steiermark
90%
Schloss und Zoo in Wien Schönbrunn
88%
"Governator" Kaliforniens Schwarzenegger
85%
Gruß, lateinisch für Sklave Servus
83%
Ein Nationalgericht (als Apfel- oder Topfen-) Strudel
83%
Wiener Nachwuchschor Sängerknaben
81%
Landeshauptstadt von Niederösterreich St. Pölten
73%
Wiener Komponist, der "Walzerkönig" Strauss
73%
Standort des Flughafen Wien Schwechat
69%
Kristallglashersteller aus Wattens Swarovski
69%
Die Formel 1 gastiert hier am Red Bull Ring Spielberg
67%
Metropolitankirche in Wien Stephansdom
65%
Region in Oberösterreich, der Steiermark und Salzburg, welche zum UNESCO-Welterbe zählt Salzkammergut
63%
Wiener Bezirk mit dem Zentralfriedhof und dem Gasometer Simmering
50%
Flächenmäßig größte Gemeinde Sölden
21%
Hier befindet sich das österreichiche Freiluftmuseum Stübing
13%
Keine übereinstimmenden Quizze gefunden
Verteilung der Resultate
Anzahl Personen mit jedem Resultat
Perzentil nach korrekt beantworteten Fragen
Ihre Resultats-Entwicklung
Sie haben dieses Quiz noch nicht gespielt